00815nam a2200193 i 450000100060000000300090000600500170001500700030003200800410003510000340007624501590011025000150026926000830028430000440036770000410041185200310045299900170048395201210050065537ES-MaACL20250905123708.0t|040115s1947 mx ||||1| spa d1 aFriedlaender, Ludwing.95262413aLa sociedad romana b: historia de las costumbres en Roma, desde Augusto hasta los Antoninos / cL. Friedlaender ; traducción del alemán por W. Roces. a[1ª ed.]. aMéxico : bFondo de Cultura Económica, c[1947] (fGráfica Panamericana) a1216 p., 16 lám. : bgraf. ; c24 cm.1 aRoces, Wenceslao, d1897-1992998039 aES-MaACLjD-6857 bR.28699 c65537d65537 00104070aATENEOMbATENEOMcSVId2008-01-17eSCl0oD-6857p901068663r2023-02-23 00:00:00w2023-02-23yMONOGRAFIA